Historia de la lengua latina

Saved in:
Bibliografiske detaljer
Hovedforfatter: Stolz, F (Author)
Format: Bog
Sprog:spansk
Udgivet: Madrid Victoriano Súarez 1922
Serier:Biblioteca Española de Divulgación Científica
Fag:
Tags: Tilføj Tag
Ingen Tags, Vær først til at tagge denne postø!

MARC

LEADER 00000nam a2200000 a 4500
001 UCT2948
003 CL-VaPUC
008 961018e19220000SP |||||||||||||||||spa|d
082 0 4 |a 470  |b STO  |2 21 
100 0 |a Stolz, F  |e author  |9 371977 
245 1 0 |a Historia de la lengua latina 
300 |a v 
942 |c BK 
945 |d 19961018 00:00:00  |a rleighto 
260 |a Madrid  |b Victoriano Súarez  |c 1922 
650 0 |a Lengua latina  |9 347368 
650 0 |a Latín   |9 269544 
650 0 |a Gramática  |9 270497 
650 0 |a Literatura latina   |9 258055 
583 |a last modification  |c 19961018 00:00:00  |k Rodrigo Vera 
490 0 |a Biblioteca Española de Divulgación Científica 
999 |c 252836  |d 252834 
952 |0 0  |1 0  |4 0  |6 470_000000000000000_STO_1922  |7 0  |8 A  |9 272954  |a BIBEDU  |b BIBEDU  |d 2019-11-19  |h v.2  |i 324234K  |o 470 STO 1922  |p 324234K  |r 2019-11-19  |w 2019-11-19  |y BK  |k LIT